|
|
|
|
| LEADER |
01174cam a2200349 a 4500 |
| 001 |
nkc20091928941 |
| 003 |
CZ PrNK |
| 005 |
20090930133810.0 |
| 007 |
ta |
| 008 |
090626s2009 xr g 000 f cze d |
| 015 |
|
|
|a cnb001928941
|
| 020 |
|
|
|a 978-80-7376-146-2
|q (brož.)
|
| 035 |
|
|
|a (OCoLC)455843256
|
| 040 |
|
|
|a TAG001
|b cze
|d KLG001
|d BOA001
|
| 072 |
|
7 |
|a 821.162.3-3
|x Česká próza
|2 Konspekt
|9 25
|
| 080 |
|
|
|a 821.162.3-31
|2 MRF
|
| 080 |
|
|
|a (0:82-312.4)
|2 MRF
|
| 100 |
1 |
|
|a Nečas, Radim,
|d 1923-
|7 mzk2009512828
|4 aut
|
| 245 |
1 |
0 |
|a Smrtící kytice /
|c Radim Nečas
|
| 250 |
|
|
|a 1. vyd.
|
| 260 |
|
|
|a Praha :
|b Olympia,
|c 2009
|
| 300 |
|
|
|a 157 s. ;
|c 20 cm
|
| 655 |
|
7 |
|a české romány
|7 fd133974
|2 czenas
|
| 655 |
|
7 |
|a detektivní romány
|7 fd132010
|2 czenas
|
| 655 |
|
9 |
|a Czech fiction
|2 eczenas
|
| 655 |
|
9 |
|a detective novels
|2 eczenas
|
| 856 |
4 |
1 |
|u http://www.digitalniknihovna.cz/mzk/uuid/uuid:37936560-ecb1-11e3-b72e-005056827e52
|y Digitalizovaný dokument
|x NDK
|
| 910 |
2 |
|
|a BOA001
|b 2-1227.083
|
| 990 |
|
|
|a BK
|
| 995 |
|
|
|a 01
|
| 991 |
|
|
|b 200907
|
| 996 |
6 |
|
|b 2610384153
|c 2-1227.083
|l MZK
|r Sklad / do 1 hodiny
|n 1
|p p.v.
|w 001090308
|u 000010
|a 1
|e BOA001
|j MZK50
|s P
|